Slovenská poisťovňa vlani s vyšším prijatým poistným, ale s nižším ziskom

Hospodárske ukazovatele Slovenskej poisťovne, a.s. v r. 1992-1995. Nominálne zvýšenie sumy prijatého poistného. Výsledky v r. 1995 boli priaznivé. Náklady na poistné plnenie v r. 1995. Nové personálne zmeny v Slovenskej poisťovni, a.s.

Na minha lista:
Detalhes bibliográficos
Autor principal: Hajko, J.
Formato: Capítulo de Livro
Idioma:eslovaco
Assuntos:
Tags: Adicionar Tag
Sem tags, seja o primeiro a adicionar uma tag!

MARC

LEADER 00000naa a2200000 4500
001 r021247
005 20230921074122.2
041 0 |a slo 
044 |a SK 
245 1 0 |a Slovenská poisťovňa vlani s vyšším prijatým poistným, ale s nižším ziskom  |c J. Hajko 
520 |a Hospodárske ukazovatele Slovenskej poisťovne, a.s. v r. 1992-1995. Nominálne zvýšenie sumy prijatého poistného. Výsledky v r. 1995 boli priaznivé. Náklady na poistné plnenie v r. 1995. Nové personálne zmeny v Slovenskej poisťovni, a.s. 
610 2 0 |a Slovensko 
610 2 0 |a Slovenská poisťovňa, a.s. Bratislava 
610 2 0 |a poisťovne 
610 2 0 |a ukazovatele ekonomické 
610 2 0 |a 1992-1995 
100 1 |a Hajko, J.